| 000 -LEADER | |
|---|---|
| fixed length control field | 00427nam a22001697a 4500 |
| 005 - DATE AND TIME OF LATEST TRANSACTION | |
| control field | 20160622121713.0 |
| 008 - FIXED-LENGTH DATA ELEMENTS--GENERAL INFORMATION | |
| fixed length control field | 160622b xxu||||| |||| 00| 0 eng d |
| 020 ## - INTERNATIONAL STANDARD BOOK NUMBER | |
| ISBN | 978-81-7758-999-3 |
| 041 ## - LANGUAGE CODE | |
| Language code of text/sound track or separate title | eng |
| 082 ## - DEWEY DECIMAL CLASSIFICATION NUMBER | |
| Item number | 9202 |
| 100 ## - MAIN ENTRY--AUTHOR NAME | |
| Personal name | Sehiffman, Lean C. and Kanuk, Leslic lazer |
| 245 ## - TITLE STATEMENT | |
| Title | Consumer Behaviour |
| 260 ## - PUBLICATION, DISTRIBUTION, ETC. (IMPRINT) | |
| Name of publisher | Pearson Education Delhi |
| Year of publication | 2008 |
| 300 ## - PHYSICAL DESCRIPTION | |
| Number of Pages | 581 |
| 650 ## - SUBJECT ADDED ENTRY--TOPICAL TERM | |
| Topical Term | Management |
| 942 ## - ADDED ENTRY ELEMENTS (KOHA) | |
| Koha item type | Books |
| Lost status | Damaged status | Collection code | Home library | Current library | Shelving location | Date acquired | Full call number | Accession Number | Koha item type |
|---|---|---|---|---|---|---|---|---|---|
| MANAGEMENT | JRU Library | JRU Library | SHELF- 66 K | 22/06/2016 | 9202 | 9202 | Books | ||
| MANAGEMENT | JRU Library | JRU Library | SHELF- 66 K | 22/06/2016 | 9202 | 9203 | Books | ||
| MANAGEMENT | JRU Library | JRU Library | SHELF- 66 K | 22/06/2016 | 9202 | 9204 | Books | ||
| MANAGEMENT | JRU Library | JRU Library | SHELF- 66 K | 22/06/2016 | 9202 | 9205 | Books | ||
| MANAGEMENT | JRU Library | JRU Library | SHELF- 66 K | 22/06/2016 | 9202 | 9206 | Books | ||
| MANAGEMENT | JRU Library | JRU Library | SHELF- 66 K | 22/06/2016 | 9202 | 9207 | Books | ||
| Reference | JRU Library | SHELF-29-J | 22/06/2016 | 9202 | 9208 | Books |